[Event "XII. DBMM Schach"]
[Site "Berlin"]
[Date "2012.10.12"]
[Round "3.4"]
[White "Zunk, Olaf"]
[Black "Reeger, Stephan"]
[Result "1/2-1/2"]
[WhiteElo "1464"]
[BlackElo "1530"]
[Annotator "rg"]
[PlyCount "103"]
[EventDate "2012.??.??"]
[Source "FV Schach e.V."]
[SourceDate "2012.10.14"]
[WhiteTeam "ADAC Muenchen II"]
[BlackTeam "SV Senat Berlin IV"]
[WhiteTeamCountry "GER"]
[BlackTeamCountry "GER"]

1. e4 c5 2. Nf3 d6 3. Bc4 e6 4. c3 a6 5. d3 Nc6 6. Be3 Nf6 7. a3 Qc7 8. O-O Be7
9. h3 O-O 10. Nbd2 d5 11. exd5 exd5 12. Ba2 Rd8 13. d4 c4 14. Bb1 g6 15. Re1
Bf8 16. Nf1 Bg7 17. Bg5 Be6 18. N1h2 Re8 19. Bh4 Nh5 20. Ng5 Qd7 21. Nxe6 Rxe6
22. Rxe6 Qxe6 23. Qd2 Re8 24. Nf3 Qe2 25. Qxe2 Rxe2 26. Ra2 Nf4 27. Bg5 Ne6 28.
b4 Rxa2 29. Bxa2 Nxg5 30. Nxg5 h6 31. Nf3 b5 32. Bb1 a5 33. Bc2 axb4 34. axb4
Bf6 35. Nd2 Bg5 36. Nb1 Bc1 37. Bd1 f5 38. Kf1 Kf7 39. f3 Kf6 40. Ke2 f4 41.
Bc2 g5 42. Kd1 Be3 43. Na3 Na7 44. Bh7 Ke7 45. Bg8 Kd6 46. Bf7 Bg1 47. Be8 Be3
48. Bxb5 Nxb5 49. Nxb5+ Kc6 50. Na3 Kb6 51. Nc2 Bg1 52. Na3 1/2-1/2

[Event "XII. DBMM Schach"]
[Site "Berlin"]
[Date "2012.10.12"]
[Round "4.1"]
[White "Rabiega, Robert"]
[Black "Seger, Ruediger"]
[Result "1-0"]
[WhiteElo "2455"]
[BlackElo "2390"]
[Annotator "rs"]
[PlyCount "117"]
[EventDate "2012.??.??"]
[Source "FV Schach e.V."]
[SourceDate "2012.10.14"]
[WhiteTeam "SK Praesident Berlin"]
[BlackTeam "Deutsche Post Bonn"]
[WhiteTeamCountry "RUS"]
[BlackTeamCountry "GER"]

1. e4 c6 2. d4 d5 3. Nd2 dxe4 4. Nxe4 Bf5 5. Ng3 Bg6 6. h4 h6 7. Nf3 Nd7 8. h5
Bh7 9. Bd3 Bxd3 10. Qxd3 e6 11. Bd2 Ngf6 12. O-O-O Be7 13. Kb1 O-O 14. Ne4 c5
15. Nxf6+ Bxf6 16. Be3 Rc8 17. c3 cxd4 18. Bxd4 Nc5 19. Qe3 Bxd4 20. Rxd4 Qe7
21. Rhd1 Rfd8 22. Ne5 Rxd4 23. Qxd4 b5 24. f4 a5 25. g4 Qb7 26. g5 hxg5 27.
fxg5 Qe4+ 28. Qxe4 Nxe4 29. g6 f5 30. a4 bxa4 31. c4 Nc5 32. Nd7 Nxd7 33. Rxd7
f4 34. Kc2 Rxc4+ 35. Kd3 Rc8 36. Ke4 Rf8 37. Kf3 e5 38. Re7 Rb8 39. Rxe5 Kf8
40. Rxa5 Ke7 41. Rf5 Rxb2 42. Rf7+ Ke6 43. Rxg7 Rh2 44. Rh7 Rh1 45. Kxf4 a3 46.
Ra7 Kf6 47. Ra6+ Kg7 48. Ra7+ Kf6 49. Kg4 Rg1+ 50. Kf4 Rh1 51. g7 Rf1+ 52. Ke3
Re1+ 53. Kf3 Re8 54. h6 Kg6 55. Ra6+ Kh7 56. Kf4 a2 57. Kf5 a1=Q 58. Rxa1 Kxh6
59. Kf6 1-0

[Event "XII. DBMM Schach"]
[Site "Berlin"]
[Date "2012.10.12"]
[Round "4.2"]
[White "Stanetzek, Carsten"]
[Black "Meister, Jakob"]
[Result "1/2-1/2"]
[WhiteElo "2245"]
[BlackElo "2414"]
[Annotator "rs"]
[PlyCount "137"]
[EventDate "2012.??.??"]
[Source "FV Schach e.V."]
[SourceDate "2012.10.14"]
[WhiteTeam "Deutsche Post Bonn"]
[BlackTeam "SK Praesident Berlin"]
[WhiteTeamCountry "GER"]
[BlackTeamCountry "RUS"]

1. e4 e5 2. Nf3 Nc6 3. Bb5 Bc5 4. d3 Nf6 5. Bg5 h6 6. Bh4 Nd4 7. Nxd4 Bxd4 8.
c3 Bb6 9. Ba4 c6 10. Nd2 d6 11. Nc4 g5 12. Bg3 Bg4 13. Qd2 Nh5 14. Bd1 Nxg3 15.
hxg3 Be6 16. Be2 Bc7 17. Ne3 Qf6 18. Bg4 O-O-O 19. O-O-O Bxg4 20. Nxg4 Qe6 21.
f3 d5 22. Ne3 dxe4 23. fxe4 Qxa2 24. g4 Qe6 25. Nf5 Bd6 26. Rh3 Bf8 27. Kc2 a6
28. Qf2 Kc7 29. Rf1 Rd7 30. Qf3 b6 31. Ne3 Bc5 32. Nf5 a5 33. Rfh1 Qa2 34. Qd1
a4 35. Qb1 Qb3+ 36. Kd2 Rhd8 37. Qc2 Qxc2+ 38. Kxc2 Bf8 39. Rf3 b5 40. Nxh6
Bxh6 41. Rxh6 Kb7 42. Rh7 Kb6 43. Rhxf7 Rxf7 44. Rxf7 Rh8 45. Rf5 Rh2 46. Rxe5
Rxg2+ 47. Kb1 Rxg4 48. d4 Kc7 49. Ka2 Kd6 50. Ka3 Rg1 51. Rf5 g4 52. e5+ Kd5
53. Rf6 c5 54. dxc5 Kxc5 55. Ka2 g3 56. Rg6 g2 57. e6 Kd6 58. e7+ Kxe7 59. Rg3
Kf6 60. Rg8 Kf5 61. Rf8+ Ke4 62. Re8+ Kd3 63. Rg8 Kc2 64. Rg3 Kc1 65. Rg8 Kd2
66. Rg7 a3 67. bxa3 Kxc3 68. Rg8 Re1 69. Rg3+ 1/2-1/2

[Event "XII. DBMM Schach"]
[Site "Berlin"]
[Date "2012.10.12"]
[Round "4.3"]
[White "Salov, Sergej"]
[Black "Dehmel, Jens"]
[Result "1-0"]
[WhiteElo "2332"]
[BlackElo "2064"]
[Annotator "rs"]
[PlyCount "61"]
[EventDate "2012.??.??"]
[Source "FV Schach e.V."]
[SourceDate "2012.10.14"]
[WhiteTeam "SK Praesident Berlin"]
[BlackTeam "Deutsche Post Bonn"]
[WhiteTeamCountry "RUS"]
[BlackTeamCountry "GER"]

1. e4 e5 2. Nf3 Nc6 3. Bb5 a6 4. Ba4 Nf6 5. O-O Nxe4 6. d4 b5 7. Bb3 d5 8. dxe5
Be6 9. Nbd2 Nc5 10. c3 Bg4 11. h3 Bh5 12. Bc2 Ne6 13. Re1 Bc5 14. Nf1 O-O 15.
Ng3 Bg6 16. Bf5 $11 Qd7 17. Be3 Bxe3 18. Rxe3 Ne7 19. Bg4 c5 20. Re2 Rfd8 21.
Rd2 Qc6 22. Qe1 a5 23. Nh4 b4 24. Nhf5 Nxf5 25. Nxf5 Bxf5 26. Bxf5 Rab8 27.
Rad1 c4 28. Qe3 Nc5 29. Qf3 Na4 30. Rxd5 Re8 31. Bd7 1-0

[Event "XII. DBMM Schach"]
[Site "Berlin"]
[Date "2012.10.12"]
[Round "4.4"]
[White "Biedekoepper, Robert"]
[Black "Gruzman, Boris"]
[Result "1/2-1/2"]
[WhiteElo "2093"]
[BlackElo "2164"]
[Annotator "rs"]
[PlyCount "67"]
[EventDate "2012.??.??"]
[Source "FV Schach e.V."]
[SourceDate "2012.10.14"]
[WhiteTeam "Deutsche Post Bonn"]
[BlackTeam "SK Praesident Berlin"]
[WhiteTeamCountry "GER"]
[BlackTeamCountry "RUS"]

1. d4 Nf6 2. c4 g6 3. Nc3 Bg7 4. e4 d6 5. f3 Nc6 6. Nge2 a6 7. Be3 Rb8 8. d5
Ne5 9. Nd4 c5 10. Nc2 h5 11. Be2 h4 12. h3 Nh5 13. O-O Ng3 14. Re1 Nd7 15. Qd2
Qa5 16. a3 Bxc3 17. bxc3 b5 18. Rab1 Nxe2+ 19. Rxe2 Ne5 20. Qe1 f6 21. f4 Nxc4
22. e5 fxe5 23. fxe5 dxe5 24. Bxc5 Qc7 25. Bf2 g5 26. Nb4 Bb7 27. Nd3 Bxd5 28.
Nxe5 Rg8 29. Nxc4 Bxc4 30. Re5 Rd8 31. Bd4 Rd5 32. Rxd5 Bxd5 33. Rb2 Rf8 34.
Rf2 1/2-1/2

[Event "XII. DBMM Schach"]
[Site "Berlin"]
[Date "2012.10.12"]
[Round "4.1"]
[White "Lubbe, Nikolas"]
[Black "Figura, Atila Gajo"]
[Result "1/2-1/2"]
[WhiteElo "2406"]
[BlackElo "2322"]
[Annotator "rs"]
[PlyCount "82"]
[EventDate "2012.??.??"]
[Source "FV Schach e.V."]
[SourceDate "2012.10.14"]
[WhiteTeam "KPMG AG Frankfurt"]
[BlackTeam "SV Senat Berlin"]
[WhiteTeamCountry "GER"]
[BlackTeamCountry "GER"]

1. d4 Nf6 2. Nc3 d5 3. Bf4 e6 4. e3 Be7 5. Nf3 O-O 6. h3 c5 7. Nb5 Nc6 8. Ne5
Qb6 9. a4 Ne8 10. dxc5 Bxc5 11. Nd3 Be7 12. Qd2 a6 13. a5 Qxb5 14. c3 Nxa5 15.
Qc2 Qb3 16. Qb1 Nc4 17. Be2 Bf6 18. O-O Nd2 19. Qc1 Nxf1 20. Nb4 e5 21. Ra3
Qxa3 22. bxa3 exf4 23. exf4 Be6 24. Bxf1 Nd6 25. g4 g6 26. f5 gxf5 27. Qf4 Be7
28. Bd3 fxg4 29. Qh6 Ne4 30. hxg4 f6 31. f3 Ng5 32. f4 Ne4 33. f5 Bf7 34. Bxe4
dxe4 35. g5 fxg5 36. f6 Bxf6 37. Qxf6 Bg6 38. Qe6+ Kg7 39. Qe5+ Kg8 40. Nd5
Rad8 41. Nf6+ Rxf6 1/2-1/2

[Event "XII. DBMM Schach"]
[Site "Berlin"]
[Date "2012.10.12"]
[Round "4.2"]
[White "Kalinitschew, Sergej"]
[Black "Ohme, Melanie"]
[Result "1/2-1/2"]
[WhiteElo "2387"]
[BlackElo "2337"]
[Annotator "rs"]
[PlyCount "112"]
[EventDate "2012.??.??"]
[Source "FV Schach e.V."]
[SourceDate "2012.10.14"]
[WhiteTeam "SV Senat Berlin"]
[BlackTeam "KPMG AG Frankfurt"]
[WhiteTeamCountry "GER"]
[BlackTeamCountry "GER"]

1. d4 Nf6 2. c4 g6 3. g3 Bg7 4. Bg2 O-O 5. Nc3 d6 6. Nf3 c6 7. O-O Qb6 8. h3
Qa6 9. b3 b5 10. cxb5 cxb5 11. a4 b4 12. Nb5 Qb7 13. Ne1 d5 14. Bf4 Nh5 15. Rc1
Nxf4 16. gxf4 Na6 17. Nd3 Bd7 18. Nc5 Nxc5 19. Rxc5 Rac8 20. Bxd5 Qb8 21. Qc1
Rxc5 22. Qxc5 Bxh3 23. Rd1 Qxf4 24. Bf3 a6 25. Na7 e5 26. Qc1 Qxc1 27. Rxc1
exd4 28. Nc6 Be6 29. a5 Bxb3 30. Nxb4 Bh6 31. Rb1 Bc4 32. Rd1 Bg7 33. Kf1 Rb8
34. Nc6 Rb5 35. Rc1 Be6 36. Be4 Bd7 37. Bd3 Rh5 38. Kg2 Bxc6+ 39. Rxc6 Rxa5 40.
Bxa6 Rg5+ 41. Kf3 Rf5+ 42. Kg2 h5 43. Bc4 Bf6 44. Rc7 Bh4 45. f3 Bg5 46. Rd7
Be3 47. Kh3 Kg7 48. Bb3 g5 49. Bc4 Rf4 50. Bb3 g4+ 51. fxg4 hxg4+ 52. Kg3 Kg6
53. Bc4 f6 54. Re7 Bd2 55. e3 Bxe3 56. Rxe3 dxe3 1/2-1/2

[Event "XII. DBMM Schach"]
[Site "Berlin"]
[Date "2012.10.12"]
[Round "4.3"]
[White "Knickel, Aaron"]
[Black "Von Herman, Ulf"]
[Result "1-0"]
[WhiteElo "2190"]
[BlackElo "2317"]
[Annotator "rs"]
[PlyCount "33"]
[EventDate "2012.??.??"]
[Source "FV Schach e.V."]
[SourceDate "2012.10.14"]
[WhiteTeam "KPMG AG Frankfurt"]
[BlackTeam "SV Senat Berlin"]
[WhiteTeamCountry "GER"]
[BlackTeamCountry "GER"]

1. g3 g6 2. Bg2 Bg7 3. d3 c5 4. e4 Nc6 5. f4 d6 6. Nf3 e5 7. O-O Nge7 8. c3 O-O
9. Be3 Bg4 10. h3 exf4 11. gxf4 Bh5 12. a4 b6 13. Nbd2 Rc8 14. Qc2 Qd7 15. Kh2
d5 16. Bf2 Nd4 17. cxd4 1-0

[Event "XII. DBMM Schach"]
[Site "Berlin"]
[Date "2012.10.12"]
[Round "4.4"]
[White "Kachibadze, Georg"]
[Black "De Visser, Leon"]
[Result "1/2-1/2"]
[WhiteElo "2298"]
[BlackElo "2146"]
[Annotator "rs"]
[PlyCount "111"]
[EventDate "2012.??.??"]
[Source "FV Schach e.V."]
[SourceDate "2012.10.14"]
[WhiteTeam "SV Senat Berlin"]
[BlackTeam "KPMG AG Frankfurt"]
[WhiteTeamCountry "GER"]
[BlackTeamCountry "GER"]

1. e4 c6 2. d4 d5 3. e5 c5 4. dxc5 e6 5. Be3 Nh6 6. c3 Nd7 7. Bb5 Nf5 8. Bd4 a6
9. Ba4 Qc7 10. b4 a5 11. a3 Be7 12. Nf3 O-O 13. O-O axb4 14. Bxd7 Bxd7 15. cxb4
f6 16. Nc3 Nxd4 17. Qxd4 fxe5 18. Nxe5 Bf6 19. f4 Bxe5 20. fxe5 Rxf1+ 21. Rxf1
Rf8 22. Rxf8+ Kxf8 23. Qf4+ Kg8 24. Ne2 b6 25. Qd4 bxc5 26. bxc5 Bb5 27. Nc3
Bc4 28. h3 h6 29. a4 Qa7 30. Kh2 Kh8 31. a5 Qxa5 32. Nd1 Qc7 33. Ne3 Bb5 34.
Ng4 Be2 35. Nf2 Bc4 36. h4 Bb5 37. Nh3 Kg8 38. Nf4 Bd7 39. h5 Qa7 40. Qb4 Kh7
41. Ng6 Be8 42. Nf4 Qc7 43. Qd4 Bf7 44. g4 Kg8 45. Qc3 Qc6 46. Kg3 Qc7 47. Nd3
g6 48. Nf4 gxh5 49. gxh5 Qe7 50. c6 Qg5+ 51. Kh3 Qxf4 52. c7 Qf1+ 53. Kg3 Qg1+
54. Kh3 Qf1+ 55. Kg3 Qg1+ 56. Kh3 1/2-1/2

[Event "XII. DBMM Schach"]
[Site "Berlin"]
[Date "2012.10.12"]
[Round "4.2"]
[White "Sokratov, Stanislav"]
[Black "Schnabel, Ralf"]
[Result "1-0"]
[WhiteElo "2173"]
[BlackElo "2226"]
[Annotator "rs"]
[PlyCount "89"]
[EventDate "2012.??.??"]
[Source "FV Schach e.V."]
[SourceDate "2012.10.14"]
[WhiteTeam "SG Stern Stuttgart"]
[BlackTeam "SG Bund Berlin"]
[WhiteTeamCountry "GER"]
[BlackTeamCountry "GER"]

1. d4 f5 2. Nf3 Nf6 3. g3 g6 4. Bg2 Bg7 5. O-O O-O 6. b3 c6 7. Bb2 d6 8. c4 Qe8
9. Nc3 e5 10. dxe5 dxe5 11. e4 f4 12. Qd6 fxg3 13. fxg3 Ng4 14. Nd1 Rf6 15. Qd2
Nd7 16. h3 Nh6 17. Nf2 Nf7 18. Rad1 Rd6 19. Qc2 Rxd1 20. Rxd1 a5 21. c5 Qe7 22.
Nd3 Nf8 23. Kh2 g5 24. Nd2 Ne6 25. Nc4 Nd4 26. Qf2 Be6 27. Ncxe5 Nxe5 28. Nxe5
Bxe5 29. Bxd4 Bxd4 30. Qxd4 a4 31. bxa4 Bxa2 32. Bf1 Re8 33. Bc4+ Bxc4 34.
Qxc4+ Qe6 35. Rd4 h5 36. Kg2 Kf8 37. Qe2 Qg6 38. e5 Qf7 39. Rd6 Kg7 40. e6 Qg6
41. e7 Qf5 42. Rd8 Qg6 43. Qe5+ Kf7 44. Qe2 Rxe7 45. Qf3+ 1-0

[Event "XII. DBMM Schach"]
[Site "Berlin"]
[Date "2012.10.12"]
[Round "4.3"]
[White "Tyrtania, Maximilian"]
[Black "Scharrer, Udo"]
[Result "1-0"]
[WhiteElo "2251"]
[BlackElo "2039"]
[Annotator "rs"]
[PlyCount "121"]
[EventDate "2012.??.??"]
[Source "FV Schach e.V."]
[SourceDate "2012.10.14"]
[WhiteTeam "SG Bund Berlin"]
[BlackTeam "SG Stern Stuttgart"]
[WhiteTeamCountry "GER"]
[BlackTeamCountry "GER"]

1. d4 Nf6 2. c4 g6 3. Nc3 Bg7 4. e4 d6 5. Nge2 O-O 6. Ng3 e5 7. d5 a5 8. Be2
Bd7 9. O-O Na6 10. Bg5 h6 11. Be3 b6 12. Qd2 Kh7 13. f3 Ng8 14. Rad1 Qc8 15.
Bd3 Nc5 16. Bc2 Ne7 17. b3 f5 18. exf5 Nxf5 19. Bf2 Nxg3 20. hxg3 Bf5 21. a3
Bxc2 22. Qxc2 Qf5 23. Qxf5 gxf5 24. Rb1 Nd3 25. Be3 f4 26. Bd2 fxg3 27. Ne4 Nf4
28. Nxg3 Rf7 29. Ne4 Rg8 30. g3 Ne2+ 31. Kg2 Bf8 32. Rh1 Kg6 33. Rh3 Nd4 34. g4
Ne2 35. b4 axb4 36. axb4 Nf4+ 37. Bxf4 Rxf4 38. Ra1 Bg7 39. Ra7 Rf7 40. Rh1
Rgf8 41. Ra3 Bf6 42. Rc1 Bg5 43. Rcc3 Rd8 44. Ra7 Bf4 45. Rd3 Rfd7 46. Rda3 Rc8
47. Rb7 Bc1 48. Raa7 Be3 49. Ra6 Kg7 50. Ng3 Bd4 51. Nf5+ Kh7 52. Kf1 h5 53.
gxh5 Rf8 54. Nxd4 exd4 55. Ra3 Kh6 56. Kf2 Kxh5 57. Rd3 Rf4 58. Rb8 Re7 59.
Rh8+ Kg5 60. Rg8+ Kh5 61. Rd1 {ZÜ} 1-0

[Event "XII. DBMM Schach"]
[Site "Berlin"]
[Date "2012.10.12"]
[Round "4.4"]
[White "Karthaus, Carsten"]
[Black "Haseloff, Harald"]
[Result "1-0"]
[WhiteElo "1965"]
[BlackElo "2145"]
[Annotator "rs"]
[PlyCount "57"]
[EventDate "2012.??.??"]
[Source "FV Schach e.V."]
[SourceDate "2012.10.14"]
[WhiteTeam "SG Stern Stuttgart"]
[BlackTeam "SG Bund Berlin"]
[WhiteTeamCountry "GER"]
[BlackTeamCountry "GER"]

1. e4 e5 2. Nf3 Nc6 3. Bc4 Nf6 4. d3 Be7 5. c3 O-O 6. O-O d6 7. Qe2 Bd7 8. Bb3
Na5 9. Bc2 c5 10. Rd1 Qc7 11. Nbd2 Rac8 12. Nf1 Rfe8 13. Ne3 h6 14. Nh4 Nc6 15.
Nhf5 Bf8 16. Ng4 Nxg4 17. Qxg4 g6 18. Qg3 h5 19. Nh4 Kh7 20. f4 exf4 21. Bxf4
Be6 22. Rac1 Rcd8 23. d4 Bg4 24. Nf3 c4 25. Rf1 Bxf3 26. Rxf3 Bh6 27. Rcf1 Bxf4
28. Qxf4 Re7 29. Qxf7+ 1-0

[Event "XII. DBMM Schach"]
[Site "Berlin"]
[Date "2012.10.12"]
[Round "4.1"]
[White "Feikes, Joerg"]
[Black "Schuetze, Norman"]
[Result "0-1"]
[WhiteElo "1949"]
[BlackElo "2255"]
[Annotator "rs"]
[PlyCount "56"]
[EventDate "2012.??.??"]
[Source "FV Schach e.V."]
[SourceDate "2012.10.14"]
[WhiteTeam "BA Berlin Tempelhof"]
[BlackTeam "Emco GmbH Leipzig"]
[WhiteTeamCountry "GER"]
[BlackTeamCountry "GER"]

1. e4 c5 2. Nc3 Nc6 3. g3 g6 4. Bg2 Bg7 5. d3 d6 6. f4 e6 7. Nh3 Nge7 8. O-O
O-O 9. g4 f5 10. gxf5 exf5 11. Kh1 Nd4 12. Ng5 h6 13. Nf3 fxe4 14. dxe4 Bg4 15.
Qd3 Nxf3 16. Bxf3 Bxf3+ 17. Rxf3 Qd7 18. Be3 Qe6 19. Rg1 c4 20. Qd2 Bxc3 21.
Qxc3 Qxe4 22. Bd2 Nd5 23. Rxg6+ Qxg6 24. Qxc4 Qh5 25. Rg3+ Kh7 26. Qd4 Qd1+ 27.
Rg1 Qf3+ 28. Rg2 Rg8 0-1

[Event "XII. DBMM Schach"]
[Site "Berlin"]
[Date "2012.10.12"]
[Round "4.2"]
[White "Beltz, Franziska"]
[Black "Kettenburg, Stefan"]
[Result "0-1"]
[WhiteElo "2125"]
[BlackElo "2033"]
[Annotator "rs"]
[PlyCount "77"]
[EventDate "2012.??.??"]
[Source "FV Schach e.V."]
[SourceDate "2012.10.14"]
[WhiteTeam "Emco GmbH Leipzig"]
[BlackTeam "BA Berlin Tempelhof"]
[WhiteTeamCountry "GER"]
[BlackTeamCountry "GER"]

1. e4 c6 2. d4 d5 3. exd5 cxd5 4. c4 Nf6 5. Nc3 e6 6. Nf3 Be7 7. cxd5 Nxd5 8.
Bd3 O-O 9. O-O Nc6 10. Re1 Nf6 11. Bf4 Nb4 12. Bb1 b6 13. a3 Nbd5 14. Be5 Bb7
15. Qd3 g6 16. Ng5 Nxc3 17. bxc3 Ng4 18. Qh3 Bxg5 19. Qxg4 Bd2 20. Rd1 Bxc3 21.
Ra2 Rc8 22. Re2 Bd5 23. Re3 Bb2 24. Rh3 f5 25. Qf4 Rf7 26. Qd2 Ba1 27. Bc2 Bb2
28. Ba4 Bxd4 29. Bxd4 f4 30. Ba1 Qg5 31. f3 h6 32. Qd4 Kh7 33. Bb2 Qf5 34. Kf2
Rfc7 35. Rc1 Qf7 36. Rh4 g5 37. Rg4 Rxc1 38. Bxc1 Rxc1 39. h4 0-1

[Event "XII. DBMM Schach"]
[Site "Berlin"]
[Date "2012.10.12"]
[Round "4.3"]
[White "Mueller, Stefan"]
[Black "Beltz, Robert"]
[Result "1/2-1/2"]
[WhiteElo "1863"]
[BlackElo "2105"]
[Annotator "rs"]
[PlyCount "54"]
[EventDate "2012.??.??"]
[Source "FV Schach e.V."]
[SourceDate "2012.10.14"]
[WhiteTeam "BA Berlin Tempelhof"]
[BlackTeam "Emco GmbH Leipzig"]
[WhiteTeamCountry "GER"]
[BlackTeamCountry "GER"]

1. d4 d5 2. Nf3 Nf6 3. e3 Bg4 4. h3 Bh5 5. g4 Bg6 6. Ne5 Ne4 7. h4 f6 8. Nxg6
hxg6 9. Qf3 e6 10. Bd3 f5 11. h5 Qg5 12. gxf5 Qxf5 13. Qg2 Rxh5 14. Rxh5 gxh5
15. Nd2 Qg4 16. Qxg4 hxg4 17. Nxe4 dxe4 18. Bxe4 c6 19. Bg6+ Kd7 20. e4 Na6 21.
c3 Be7 22. Bh5 Rh8 23. Bxg4 Rh1+ 24. Kd2 Bg5+ 25. Kc2 Rf1 26. f3 Rf2+ 27. Kb3
Rf1 1/2-1/2

[Event "XII. DBMM Schach"]
[Site "Berlin"]
[Date "2012.10.12"]
[Round "4.4"]
[White "Beltz, Martina"]
[Black "Baranowsky, Peter"]
[Result "1-0"]
[WhiteElo "2097"]
[BlackElo "1886"]
[Annotator "rs"]
[PlyCount "51"]
[EventDate "2012.??.??"]
[Source "FV Schach e.V."]
[SourceDate "2012.10.14"]
[WhiteTeam "Emco GmbH Leipzig"]
[BlackTeam "BA Berlin Tempelhof"]
[WhiteTeamCountry "GER"]
[BlackTeamCountry "GER"]

1. d4 d5 2. Nf3 g6 3. g3 Bg7 4. Bg2 Nf6 5. O-O O-O 6. b3 Nbd7 7. Bb2 Ne4 8. c4
dxc4 9. bxc4 c5 10. e3 Qb6 11. Qe2 Re8 12. Na3 Ndf6 13. h3 a6 14. Rab1 Qc7 15.
Ne5 Ng5 16. g4 Nge4 17. Qd3 Nd6 18. dxc5 Qxc5 19. Bd4 Qa5 20. c5 Nb5 21. Nac4
Qc7 22. c6 Nxd4 23. cxb7 Rb8 24. bxc8=Q Rbxc8 25. exd4 Red8 26. Rb7 1-0

[Event "XII. DBMM Schach"]
[Site "Berlin"]
[Date "2012.10.12"]
[Round "4.1"]
[White "Schulz, Michael"]
[Black "Shapiro, Yosip"]
[Result "1-0"]
[WhiteElo "2239"]
[BlackElo "1997"]
[Annotator "rs"]
[PlyCount "45"]
[EventDate "2012.??.??"]
[Source "FV Schach e.V."]
[SourceDate "2012.10.14"]
[WhiteTeam "SV OSRAM Berlin"]
[BlackTeam "SK Praesident Berlin II"]
[WhiteTeamCountry "GER"]
[BlackTeamCountry "RUS"]

1. d4 d5 2. Bg5 h6 3. Bh4 c5 4. Nc3 Be6 5. e3 cxd4 6. exd4 g5 7. Bg3 Bg7 8. Nb5
Na6 9. c3 Nf6 10. Be5 O-O 11. Bd3 Qd7 12. Ne2 Bf5 13. Ng3 Bg6 14. a4 Rfc8 15.
Bxg6 fxg6 16. Qd3 Kf7 17. O-O Nb8 18. f4 g4 19. f5 g5 20. Bxf6 Bxf6 21. Qe2 a6
22. Na3 Qxa4 23. Qe6+ 1-0

[Event "XII. DBMM Schach"]
[Site "Berlin"]
[Date "2012.10.12"]
[Round "4.2"]
[White "Hohn, August"]
[Black "Hintze, Peter"]
[Result "0-1"]
[WhiteElo "1937"]
[BlackElo "2076"]
[Annotator "rs"]
[PlyCount "52"]
[EventDate "2012.??.??"]
[Source "FV Schach e.V."]
[SourceDate "2012.10.14"]
[WhiteTeam "SK Praesident Berlin II"]
[BlackTeam "SV OSRAM Berlin"]
[WhiteTeamCountry "RUS"]
[BlackTeamCountry "GER"]

1. c4 e5 2. Nf3 Nf6 3. Nc3 Nc6 4. g3 Bb4 5. Nd5 Bc5 6. d3 O-O 7. Bg5 Be7 8.
Nxe7+ Qxe7 9. Bg2 h6 10. Bxf6 Qxf6 11. O-O e4 12. dxe4 Qxb2 13. Qb3 Qf6 14. c5
Rb8 15. Rfd1 b6 16. Qa3 bxc5 17. Qxc5 Rb2 18. e5 Qe6 19. Nd4 Qxe5 20. Qxe5 Nxe5
21. Rdc1 c6 22. Rc5 d6 23. Ra5 c5 24. Nb5 Nc4 25. Ra4 Bd7 26. Rxc4 Bxb5 0-1

[Event "XII. DBMM Schach"]
[Site "Berlin"]
[Date "2012.10.12"]
[Round "4.3"]
[White "Rath, Alina"]
[Black "Artukovic, Adis"]
[Result "1/2-1/2"]
[WhiteElo "2023"]
[BlackElo "2020"]
[Annotator "rs"]
[PlyCount "81"]
[EventDate "2012.??.??"]
[Source "FV Schach e.V."]
[SourceDate "2012.10.14"]
[WhiteTeam "SV OSRAM Berlin"]
[BlackTeam "SK Praesident Berlin II"]
[WhiteTeamCountry "GER"]
[BlackTeamCountry "RUS"]

1. c4 Nf6 2. Nc3 g6 3. g3 Bg7 4. Bg2 O-O 5. e4 d6 6. Nge2 c5 7. O-O Nc6 8. d3
a6 9. f4 Rb8 10. h3 Nd4 11. Rb1 Nxe2+ 12. Qxe2 b5 13. Kh2 b4 14. Nd5 Nxd5 15.
cxd5 e6 16. dxe6 fxe6 17. Be3 Bb7 18. b3 Qe7 19. Rbd1 Rbc8 20. d4 a5 21. dxc5
dxc5 22. Qb5 Rc7 23. e5 Bxg2 24. Kxg2 Rfc8 25. Rd6 Bf8 26. Rfd1 Qe8 27. Qxe8
Rxe8 28. Ra6 c4 29. bxc4 Rxc4 30. Rxa5 Rc2+ 31. Rd2 Rec8 32. Rxc2 Rxc2+ 33. Kf3
Rc3 34. Ke4 h5 35. Ra8 Kf7 36. Rd8 b3 37. axb3 Rxb3 38. g4 hxg4 39. hxg4 Rb4+
40. Kf3 Rb3 41. Ke4 1/2-1/2

[Event "XII. DBMM Schach"]
[Site "Berlin"]
[Date "2012.10.12"]
[Round "4.4"]
[White "Vogel, Tobias"]
[Black "Rath, Oliver"]
[Result "0-1"]
[WhiteElo "1945"]
[BlackElo "1939"]
[Annotator "rs"]
[PlyCount "54"]
[EventDate "2012.??.??"]
[Source "FV Schach e.V."]
[SourceDate "2012.10.14"]
[WhiteTeam "SK Praesident Berlin II"]
[BlackTeam "SV OSRAM Berlin"]
[WhiteTeamCountry "RUS"]
[BlackTeamCountry "GER"]

1. d4 d5 2. Bf4 Nf6 3. Nf3 c6 4. c3 Bf5 5. Nbd2 e6 6. Qb3 Qc8 7. h3 Be7 8. e3
Nbd7 9. Be2 O-O 10. O-O c5 11. c4 b6 12. Rac1 Qb7 13. Rfd1 Rac8 14. Ne5 Rfd8
15. Ndf3 Be4 16. Ne1 dxc4 17. Bxc4 cxd4 18. exd4 Nd5 19. Be3 Nxe3 20. fxe3 Nxe5
21. dxe5 Bc5 22. Kh1 Qe7 23. Be2 Qg5 24. Nf3 Bxf3 25. Bxf3 Qxe5 26. Rc3 Rxd1+
27. Qxd1 Qg5 0-1

[Event "XII. DBMM Schach"]
[Site "Berlin"]
[Date "2012.10.12"]
[Round "4.1"]
[White "Zum Winkel, Wolfgang"]
[Black "Segerberg, Tomas"]
[Result "0-1"]
[WhiteElo "1811"]
[BlackElo "2038"]
[Annotator "rs"]
[PlyCount "122"]
[EventDate "2012.??.??"]
[Source "FV Schach e.V."]
[SourceDate "2012.10.14"]
[WhiteTeam "RBB Berlin"]
[BlackTeam "Europ. Patentamt MUC"]
[WhiteTeamCountry "GER"]
[BlackTeamCountry "GER"]

1. Nf3 Nf6 2. c4 c5 3. d4 cxd4 4. Nxd4 Nc6 5. Nc3 g6 6. e4 d6 7. Be2 Bg7 8. Be3
O-O 9. O-O Ng4 10. Bxg4 Bxg4 11. f3 Bd7 12. Qd2 a6 13. Rac1 Rc8 14. b3 Re8 15.
Nd5 Nxd4 16. Bxd4 Bxd4+ 17. Qxd4 Be6 18. Ne3 Qa5 19. Rf2 b5 20. Rfc2 Rc7 21. e5
Rd8 22. c5 Rxc5 23. b4 Rxc2 24. Rxc2 Qa3 25. Kf2 Rc8 26. Rxc8+ Bxc8 27. exd6
Qxa2+ 28. Kg3 Qe6 29. dxe7 Qxe7 30. h4 Be6 31. f4 h5 32. Qe4 Qd6 33. Kf3 Bd7
34. Qa8+ Kh7 35. Qa7 Be6 36. Kg3 Qxb4 37. Qxa6 Qb3 38. Qb6 b4 39. Qd4 Qc3 40.
Qe5 Qxe5 41. fxe5 b3 42. Nd1 Bd5 43. Kf2 g5 44. g3 Kg6 45. Ke3 gxh4 46. gxh4
Kf5 47. Kd4 Be6 48. Nb2 Kg4 49. Ke4 Bf5+ 50. Ke3 Bd7 51. Nd3 Bb5 52. Nf2+ Kf5
53. Kd2 Kxe5 54. Kc3 Kf4 55. Kxb3 Kg3 56. Ne4+ Kxh4 57. Nd6 Bd7 58. Kc3 Be6 59.
Kd3 Kg3 60. Ne4+ Kg2 61. Ke3 h4 0-1

[Event "XII. DBMM Schach"]
[Site "Berlin"]
[Date "2012.10.12"]
[Round "4.2"]
[White "Domingo, Miguel"]
[Black "Britze, Jan"]
[Result "1-0"]
[WhiteElo "2184"]
[BlackElo "1742"]
[Annotator "rs"]
[PlyCount "79"]
[EventDate "2012.??.??"]
[Source "FV Schach e.V."]
[SourceDate "2012.10.14"]
[WhiteTeam "Europ. Patentamt MUC"]
[BlackTeam "RBB Berlin"]
[WhiteTeamCountry "GER"]
[BlackTeamCountry "GER"]

1. c4 Nf6 2. g3 e5 3. Bg2 Bc5 4. Nc3 O-O 5. e3 Re8 6. Nge2 c6 7. O-O Bf8 8. d4
d6 9. h3 Bf5 10. e4 Bg6 11. d5 Nbd7 12. g4 Qc8 13. Ng3 cxd5 14. cxd5 h6 15. Be3
b6 16. Qd2 a5 17. Rfc1 Qa6 18. Bf1 Qb7 19. Bb5 Rec8 20. Bc6 Qa6 21. Bxa8 Rxa8
22. f3 Nc5 23. Qe2 Qc8 24. Na4 Rb8 25. Qb5 Qd8 26. a3 Nxd5 27. exd5 Bd3 28. Qc6
Rc8 29. Qxb6 Qh4 30. Kg2 Nxa4 31. Qb3 Rxc1 32. Rxc1 f5 33. Qxd3 f4 34. Nf5 Qd8
35. Bf2 Qb8 36. b3 Nc5 37. Bxc5 dxc5 38. d6 Qd8 39. Qd5+ Kh8 40. Qxe5 1-0